00793nam a2200229 4500003000900000005001700009008003100026020001500057040002300072082002400095100003800119245011500157250000600272260004300278300002100321490002800342500003600370504007400406650002300480650002600503700003400529DO-SdBNP20240723110043.0160622b 2001 sp| 00| 0 spa d a8466303987 aBPMSUbspa cBPMSU a863.3bQ5h 20012221 aQuevedo, Francisco ded1580-1645.10aHistoria de la vida del Buscón /cFrancisco de Quevedo ; estudio y notas por Juan Luis Rodríguez Bravo.b  a  aBarcelona : bEditorial Sopena,c2001. a318 p. ;b20 cm.0 aPunto de lecturav300/7 a Edición anotada y comentada  aIncluye referencias bibliográficas y notas al pie de las páginas  4aNovela española  4a Sátira española.1 aRodríguez Bravo, Juan Luis